1043 1726 1853 1199 1268 1791 1123 1846 1779 1469 1641 1057 1157 1593 1406 1388 1748 1455 1981 1257 1233 1869 1914 1498 1881 1965 1670 1124 1923 1472 1993 1779 1975 1340 1887 1203 1645 1476 1788 1249 1942 1188 1235 1439 1030 1487 1772 1762 1499 1701 1699 1505 1977 1902 1956 1432 1364 1509 1935 1758 1859 1988 1510 1376 1852 1394 1981 1895 1881 1723 1946 1734 1776 1910 1190 1676 1912 1680 1413 1430 1132 1816 1724 1070 1506 1441 1949 1762 1417 1435 1338 1656 1773 1671 1391 1450 1924 1636 1977 BCNSPRNW ULIB Ver.6.0+V

เปลี่ยนเป็นภาษาไทย

Change to English
 แสดงรายละเอียดบรรณานุกรม
  กลับหน้าหลัก

Brief Record : Get Marc (ISO 2709) : E-mail record : QR code < ปิดหน้าต่าง
LEADER : 00000nam 2200000uu 4500
001    13399122330
003     ULIB
008    130212s2553||||th 000 0 tha d
020    ^a9786165000499
090    ^aนว.^bร147ก
100 0  ^aร่มแก้ว
245 00 ^aกับดักรักลวง/^cร่มแก้ว
250    ^aพิมพ์ครั้งที่ 2
260    ^aกรุงเทพฯ :^bพิมพ์คำ,^c2553
300    ^a339 หน้า
945    ^p240^l0^i028049
995    ^aทศพร
999    ^aเกษร โพธิ์สุวรรณ
รายการนี้ยังไม่มีแท็ก
คุณยังไม่ได้ล็อกอิน คุณสามารถมีกิจกรรมร่วมกับเว็บไซต์ได้ แต่ต้องล็อกอินก่อน ::
  ล็อกอิน

รายการสื่อสารสนเทศ

ลำดับที่ ประเภท เลขเรียก/บาร์โค้ด สถานที่ สถานะ
1. นวนิยาย
นวนิยาย
นว. ร147ก ฉ.1 
  Barcode: 028049
ห้องสมุดวิทยาเขตสวรรค์ประชารักษ์
►นวนิยาย
บนชั้น
  ขอยืม

รายการใกล้เคียง
    ผู้แต่ง [ร่มแก้ว]

BibComment


ยังไม่เคยถูกคอมเมนท์

คอมเมนท์ทรัพยากรรายการนี้
  คอมเมนท์: กับดักรักลวง ร่ม..


 Copyright 2026. Bcnsprnw @Library